Animals Beginning with 'S' - Pictures - Statistics

General Stats
  • This quiz has been taken 215 times
  • The average score is 16 of 24
Answer Stats
Picture Answer % Correct
Sheep
94%
Snail
94%
Swan
94%
Skunk
91%
Sloth
90%
Scorpion
88%
Seal
88%
Squirrel
87%
Starfish
85%
Seagull
77%
Stingray
77%
Salmon
74%
Swordfish
74%
Sparrow
68%
Stork
64%
Squid
62%
Swallow
52%
Shrew
46%
Spoonbill
38%
Stag Beetle
38%
Starling
36%
Springbok
34%
Serval
33%
Silverfish
32%
No matching quizzes found
Score Distribution
Percent of People with Each Score
Percentile by Number Answered
Your Score History
You have not taken this quiz